CALCULUS:FOR THE PRACTICAL MAN (Record no. 579127)

000 -LEADER
fixed length control field 00287nam a22001217a 4500
082 ## - DEWEY DECIMAL CLASSIFICATION NUMBER
Classification number 515.35 THO'C
100 ## - MAIN ENTRY--PERSONAL NAME
Personal name THOMPSON, J.E
9 (RLIN) 39125
245 ## - TITLE STATEMENT
Title CALCULUS:FOR THE PRACTICAL MAN
260 ## - PUBLICATION, DISTRIBUTION, ETC.
Place of publication, distribution, etc. NEWYORK
Name of publisher, distributor, etc. D.VAN NOSTRAND
Date of publication, distribution, etc. 1946
300 ## - PHYSICAL DESCRIPTION
Extent 342P
650 ## - SUBJECT ADDED ENTRY--TOPICAL TERM
Topical term or geographic name entry element CALCULUS
9 (RLIN) 4218
942 ## - ADDED ENTRY ELEMENTS (KOHA)
Koha item type Book
Holdings
Withdrawn status Lost status Damaged status Not for loan Permanent Location Current Location Shelving location Date acquired Total Checkouts Full call number Barcode Date last seen Price effective from Koha item type
        College of Electrical & Mechanical Engineering (CEME) College of Electrical & Mechanical Engineering (CEME) General Stacks 04/19/2017   515.35 THO'C CEME-16573 06/28/2021 06/28/2021 Book
© 2023 Central Library, National University of Sciences and Technology. All Rights Reserved.